000 00596nai a2200181Ia 4500
003 IN-BaIIA
008 211028c9999 xx s 000 0 eng d
022 _a1292-8941 (Print)
022 _a1292-895X (Online)
040 _cIIA Library
245 4 _aThe European Physical Journal E
_h[eJournal]
260 _aHeidelber, Germany
_bSpringer Berlin Heidelberg
310 _aMonthly
362 _a1(1); 2000 - Present
521 _bSubscribed through National Knowledge Resource Consortium (NKRC)
856 _uhttps://www.springer.com/journal/10189
_yClick Here to Access eJournal
942 _cEJ
999 _c35775
_d35775